书目信息 |
| 题名: |
土地利用规划学
|
|
| 作者: | 王万茂 , 韩桐魁 主编 | |
| 分册: | ||
| 出版信息: | 北京 中国农业出版社 2013.03 |
|
| 页数: | 364页 | |
| 开本: | 28cm | |
| 丛书名: | ||
| 单 册: | ||
| 中图分类: | F301.2 | |
| 科图分类: | ||
| 主题词: | 农业经济学 | |
| 电子资源: | ||
| ISBN: | 7-109-17660-6 | |
| 000 | 00638nam0 2200217 450 | |
| 001 | 1740157200 | |
| 005 | 20201030110806.77 | |
| 010 | @a7-109-17660-6@dCNY45.80 | |
| 100 | @a20170410d2013 km y0chiy0120 ea | |
| 101 | 0 | @achi |
| 102 | @aCN@b110000 | |
| 200 | 1 | @a土地利用规划学@Atu di li yong gui hua xue@f王万茂,韩桐魁主编@Fwang wan mao,han tong kui zhu bian |
| 205 | @a8版 | |
| 210 | @a北京@c中国农业出版社@d2013.03 | |
| 215 | @a364页@d28cm | |
| 606 | 0 | @a农业经济学 |
| 690 | @aF301.2@v4 | |
| 701 | 0 | @a王万茂@Awang wan mao@4主编 |
| 701 | 0 | @a韩桐魁@Ahan tong kui@4主编 |
| 801 | 0 | @aCN@bMUSE@c20170410 |
| 905 | @aMUSE@dF301.2@eW3744=8 | |
| 土地利用规划学/王万茂,韩桐魁主编.-8版.-北京:中国农业出版社,2013.03 |
| 364页;28cm |
| ISBN 7-109-17660-6:CNY45.80 |
| ● |
| 相关链接 |
|
|
|
正题名:土地利用规划学
索取号:F301.2/W3744=8
 
预约/预借
| 序号 | 登录号 | 条形码 | 馆藏地/架位号 | 状态 | 备注 |
| 1 | 1500783 | 215007837 | 社科库409/409社科库 32排4列2层/ [索取号:F301.2/W3744=8] | 在馆 | |
| 2 | 1500784 | 215007846 | 社科库409/409社科库 32排4列2层/ [索取号:F301.2/W3744=8] | 在馆 | |
| 3 | 452515 | 204525157 | 社科库409/409社科库 32排4列3层/ [索取号:F301.2/W3744=8] | 在馆 |